[Event "Montesilvano Adriatico op 2nd"]
[Site "Montesilvano"]
[Date "2013.03.01"]
[Round "1"]
[White "Antonelli, Alessandro"]
[Black "Luciani, Valerio"]
[Result "0-1"]
[WhiteElo "1932"]
[BlackElo "2237"]
[PlyCount "118"]
[EventDate "2013.03.01"]
[EventType "swiss"]
[EventRounds "5"]
[EventCountry "ITA"]
[SourceTitle "CBM 153 Extra"]
[Source "ChessBase"]
[SourceDate "2013.04.22"]
[SourceVersion "1"]
[SourceVersionDate "2013.04.22"]
[SourceQuality "1"]

1. d4 f5 2. c4 Nf6 3. Nf3 g6 4. g3 Bg7 5. Bg2 d6 6. 0-0 0-0 7. Nc3 c6 8. Qc2 Nh5 9. e3 e5 10. dxe5 dxe5 11. Rd1 Qe7 12. h3 e4 13. Nd4 Nf6 14. b3 Na6 15. a3 Nc5 16. Bf1 h5 17. Rb1 h4 18. b4 Ne6 19. b5 hxg3 20. fxg3 Nh5 21. Nce2 Qg5 22. Kh2 Be5 23. bxc6 Nxg3 24. Nxg3 Qxg3+ 25. Kh1 bxc6 26. Nxc6 Bc7 27. Ne7+ Kh7 28. Nxc8 Raxc8 29. Rd7+ Kh6 30. Qg2 Qxg2+ 31. Kxg2 Bb6 32. Kf2 Rc6 33. Ke1 Nc5 34. Rd5 g5 35. Kd2 f4 36. Kc3 f3 37. Bd2 Re6 38. Kb4 Rb8 39. Rd1 Rc6 40. Kc3 Bd8 41. Bc1 Bf6+ 42. Kc2 Rbb6 43. R1d2 Kg6 44. Rd1 Rb3 45. Rd6 Rc3+ 46. Kb1 Rb3+ 47. Ka2 Rbb6 48. Rxc6 Rxc6 49. Rd5 Kh5 50. Bb2 Bxb2 51. Kxb2 Kh4 52. Kc3 Kg3 53. Kd4 Kf2 54. Rxc5 Rxc5 55. Kxc5 Kxf1 56. Kd6 Ke2 57. c5 f2 58. c6 f1Q 59. Ke5 Qf2 0-1

[Event "Porto San Giorgio op 23rd"]
[Site "Porto San Giorgio"]
[Date "2011.08.23"]
[Round "4"]
[White "Esposito, Luca"]
[Black "Antonelli, Alessandro"]
[Result "1-0"]
[WhiteElo "2235"]
[BlackElo "1971"]
[PlyCount "117"]
[EventDate "2011.08.21"]
[EventType "swiss"]
[EventRounds "9"]
[EventCountry "ITA"]
[SourceTitle "CBM 144 Extra"]
[Source "ChessBase"]
[SourceDate "2011.10.28"]
[SourceVersion "1"]
[SourceVersionDate "2011.10.28"]
[SourceQuality "1"]

1. d4 Nf6 2. c4 g6 3. g3 Bg7 4. Bg2 d5 5. cxd5 Nxd5 6. Nf3 0-0 7. 0-0 Nb6 8. Nc3 Nc6 9. e3 Bd7 10. d5 Ne5 11. Nxe5 Bxe5 12. e4 c6 13. Bh6 Bg7 14. Bxg7 Kxg7 15. Qd4+ Kg8 16. Rfd1 Qc7 17. Rac1 Rac8 18. a4 c5 19. Qe3 Nxa4 20. d6 exd6 21. Nd5 Qd8 22. e5 dxe5 23. Qxe5 f6 24. Nxf6+ Qxf6 25. Qxf6 Rxf6 26. Rxd7 Nb6 27. Rxb7 Rf7 28. Ra1 Rxb7 29. Bxb7 Rc7 30. Be4 Rd7 31. Ra5 Rc7 32. b3 Kg7 33. Bd3 Nd5 34. f4 Nb6 35. Kf2 Kf6 36. Ke3 Kg7 37. g4 Re7+ 38. Kf3 Rd7 39. Be2 Rc7 40. h4 Kf6 41. Ra1 Rd7 42. Rc1 Rc7 43. g5+ Kg7 44. Bb5 Kf7 45. Kg4 Ke6 46. Re1+ Kf7 47. h5 Re7 48. Rc1 Rc7 49. h6 Kf8 50. Re1 Re7 51. Rd1 Kf7 52. Rd8 Ke6 53. Rf8 Kd6 54. f5 Re4+ 55. Kf3 gxf5 56. g6 hxg6 57. h7 Rh4 58. h8Q Rxh8 59. Rxh8 1-0

[Event "Abruzzo Region-ch"]
[Site "Teramo"]
[Date "2011.05.22"]
[Round "3"]
[White "Antonelli, Alessandro"]
[Black "Paolini, Williams"]
[Result "1-0"]
[WhiteElo "1987"]
[BlackElo "1398"]
[PlyCount "55"]
[EventDate "2011.05.21"]
[EventType "swiss"]
[EventRounds "6"]
[EventCountry "ITA"]
[SourceTitle "EXT 2024"]
[Source "ChessBase"]
[SourceDate "2023.10.10"]
[SourceVersion "1"]
[SourceVersionDate "2023.10.10"]
[SourceQuality "1"]

1. d4 Nf6 2. c4 e6 3. Nf3 c5 4. d5 exd5 5. cxd5 d6 6. Nc3 g6 7. Nd2 Bg7 8. e4 0-0 9. Be2 Na6 10. 0-0 Nc7 11. f3 Nh5 12. a4 Bd4+ 13. Kh1 Qg5 14. Qe1 Nf4 15. g3 Bh3 16. Rg1 Bxg1 17. Kxg1 Nxe2+ 18. Qxe2 Bc8 19. Nc4 Qd8 20. Bf4 a6 21. Bxd6 b6 22. Bxf8 Kxf8 23. Nxb6 Rb8 24. Nxc8 Qxc8 25. Rd1 Qd7 26. Rd2 Ra8 27. e5 Ne8 28. Qc4 1-0

[Event "Teramo Province-ch"]
[Site "Teramo"]
[Date "2010.01.24"]
[Round "3"]
[White "Biagio, Angelo"]
[Black "Antonelli, Alessandro"]
[Result "0-1"]
[WhiteElo "1784"]
[BlackElo "1971"]
[PlyCount "112"]
[EventDate "2010.01.23"]
[EventType "swiss"]
[EventRounds "5"]
[EventCountry "ITA"]
[SourceTitle "EXT 2024"]
[Source "ChessBase"]
[SourceDate "2023.10.10"]
[SourceVersion "1"]
[SourceVersionDate "2023.10.10"]
[SourceQuality "1"]

1. e4 d5 2. exd5 Qxd5 3. Nc3 Qa5 4. d4 c6 5. Bd3 Nf6 6. Nf3 Bg4 7. 0-0 e6 8. Re1 Bd6 9. Bd2 Qb6 10. Ne4 Nxe4 11. Bxe4 Nd7 12. Bc3 Nf6 13. d5 Nxe4 14. Rxe4 Bxf3 15. gxf3 0-0-0 16. Qe1 exd5 17. Rg4 Rde8 18. Qd2 Qc7 19. Re1 f6 20. Rxe8+ Rxe8 21. Qd3 Bxh2+ 22. Kg2 Be5 23. Qxh7 Re7 24. Bxe5 fxe5 25. Qg8+ Qd8 26. Rxg7 Qxg8 27. Rxg8+ Kd7 28. Kf1 Rf7 29. Ke2 a6 30. Rg6 Kc7 31. c3 Kb6 32. Rg5 Re7 33. Kd3 Kc5 34. b3 a5 35. a3 b5 36. b4+ Kb6 37. Rf5 Re6 38. Rf8 a4 39. Rf7 c5 40. f4 c4+ 41. Kd2 d4 42. fxe5 dxc3+ 43. Kxc3 Rxe5 44. Rf6+ Kb7 45. Kd4 Re2 46. Kc5 Re5+ 47. Kd4 Re1 48. Rf5 Rd1+ 49. Kc5 c3 50. Kxb5 c2 51. Rc5 c1Q 52. Rxc1 Rxc1 53. Kxa4 Rf1 54. Ka5 Rxf2 55. a4 Rf5+ 56. b5 Rf4 0-1

[Event "Pescara Weekend op 2nd"]
[Site "Pescara"]
[Date "2007.09.09"]
[Round "4"]
[White "Di Federico, Cristiano"]
[Black "Antonelli, Alessandro"]
[Result "0-1"]
[WhiteElo "1511"]
[BlackElo "1895"]
[PlyCount "114"]
[EventDate "2007.09.07"]
[EventType "swiss"]
[EventRounds "6"]
[EventCountry "ITA"]
[SourceTitle "EXT 2010"]
[Source "ChessBase"]
[SourceDate "2010.11.25"]
[SourceVersion "1"]
[SourceVersionDate "2010.11.25"]
[SourceQuality "1"]

1. d4 Nf6 2. g3 g6 3. Bg2 Bg7 4. Nf3 0-0 5. 0-0 d5 6. Nc3 Nbd7 7. e3 e6 8. Re1 c5 9. e4 cxd4 10. Nxd4 e5 11. Nb3 d4 12. Ne2 Re8 13. c3 dxc3 14. Nxc3 Nb6 15. Qc2 Bg4 16. f3 Be6 17. Rd1 Qe7 18. Qf2 Nc4 19. Nc5 b6 20. Nxe6 Qxe6 21. b3 Na5 22. Qf1 Red8 23. Bg5 Nc6 24. Bxf6 Bxf6 25. Bh3 Rxd1 26. Rxd1 Qe7 27. Nd5 Qc5+ 28. Kh1 Kg7 29. Nc7 Rd8 30. Nd5 Nd4 31. Rc1 Qa3 32. Rc7 Qxa2 33. Qc4 Qb1+ 34. Bf1 Qxb3 35. Qxb3 Nxb3 36. Rxa7 Nd4 37. Nxf6 Kxf6 38. Bc4 Ne6 39. Rb7 Rd6 40. Bb5 Nc5 41. Rb8 h5 42. Bc4 Ke7 43. Bd5 f5 44. Kg2 fxe4 45. Bxe4 Nxe4 46. fxe4 Kd7 47. Kf3 Rf6+ 48. Ke3 Re6 49. Rf8 Kc6 50. Kf3 Kc5 51. h4 b5 52. g4 hxg4+ 53. Kxg4 b4 54. Kf3 Kd4 55. Rd8+ Kc3 56. Rd1 b3 57. Ke3 b2 0-1

[Event "Pescara Weekend op 2nd"]
[Site "Pescara"]
[Date "2007.09.07"]
[Round "1"]
[White "Piantieri, Guido"]
[Black "Antonelli, Alessandro"]
[Result "1/2-1/2"]
[WhiteElo "1758"]
[BlackElo "1895"]
[PlyCount "57"]
[EventDate "2007.09.07"]
[EventType "swiss"]
[EventRounds "6"]
[EventCountry "ITA"]
[SourceTitle "EXT 2010"]
[Source "ChessBase"]
[SourceDate "2010.11.25"]
[SourceVersion "1"]
[SourceVersionDate "2010.11.25"]
[SourceQuality "1"]

1. d4 Nf6 2. c4 g6 3. Nc3 d5 4. Nf3 Bg7 5. e3 0-0 6. Bd3 c5 7. dxc5 Nc6 8. 0-0 dxc4 9. Bxc4 Qa5 10. Nb5 Qb4 11. Qc2 Bf5 12. Qb3 Qxc5 13. Nbd4 Na5 14. Qb5 Qxc4 15. Qxa5 Be4 16. b3 Qd5 17. Qxd5 Bxd5 18. Ba3 Rfe8 19. Rac1 e5 20. Nb5 Bxf3 21. gxf3 Rec8 22. Rxc8+ Rxc8 23. Nxa7 Rc2 24. Rc1 Rxc1+ 25. Bxc1 Nd5 26. Bb2 f5 27. Nb5 Nb4 28. a4 Nd3 29. Ba3 1/2-1/2

[Event "IECC CL4-2005.08 email"]
[Site "IECC email"]
[Date "2005.06.14"]
[Round "?"]
[White "Mariani, Danilo"]
[Black "Antonelli, Alessandro"]
[Result "0-1"]
[WhiteElo "1512"]
[BlackElo "1661"]
[PlyCount "80"]
[EventDate "2005.??.??"]
[EventType "tourn (corr)"]
[EventRounds "4"]
[SourceTitle "Corr 2008"]
[Source "ChessBase"]
[SourceDate "2008.06.24"]
[SourceVersion "1"]
[SourceVersionDate "2008.06.24"]
[SourceQuality "1"]

1. d4 Nf6 2. c4 g6 3. Nc3 d5 4. Nf3 Bg7 5. Qb3 dxc4 6. Qxc4 0-0 7. e4 a6 8. Bf4 b5 9. Qxc7 Qxc7 10. Bxc7 Bb7 11. e5 Nd5 12. Nxd5 Bxd5 13. Be2 Rc8 14. Bb6 Nc6 15. 0-0 Rab8 16. Bc5 Nxe5 17. Nxe5 Bxe5 18. Rfd1 Bf6 19. b3 Rb7 20. Rd3 e6 21. Rad1 Be7 22. Rc1 Rbc7 23. Rdc3 e5 24. f3 Bf6 25. b4 exd4 26. Ra3 d3 27. Bxd3 Bb2 28. Rxa6 Bxc1 29. Bxb5 Ra8 30. Rxa8+ Bxa8 31. a4 Bc6 32. Bxc6 Rxc6 33. g3 Rxc5 34. bxc5 Be3+ 35. Kf1 Bxc5 36. Ke2 Kg7 37. Kd3 Kf6 38. Ke4 Ke6 39. f4 f5+ 40. Kf3 Kd5 0-1